000
00347nam a2200145Ia 4500
008
100122s9999 xx 000 0 und d
082
_b
66844
_a
823
100
_a
WHITE STEPHEN
245
_a
THE BEST REVENGE
260
_b
TIME WARNER BOOKS
_c
2003
300
_a
479
630
_a
THE BEST REVENGE
730
_a
THE BEST REVENGE
942
_c
BOOK
999
_c
380656
_d
380653